[Event "Niteroi op 2nd"]
[Site "Niteroi"]
[Date "2022.09.02"]
[Round "2"]
[White "Carrillo Marval, Maria Angelica"]
[Black "Fonseca, Marcelo Lobo"]
[Result "1-0"]
[WhiteElo "1734"]
[BlackElo "1800"]
[PlyCount "71"]
[EventDate "2022.09.01"]
[EventType "swiss"]
[EventRounds "9"]
[EventCountry "BRA"]
[SourceTitle "CBM 210 Extra"]
[Source "ChessBase"]
[SourceDate "2022.11.30"]
[SourceVersion "1"]
[SourceVersionDate "2022.11.30"]
[SourceQuality "1"]

1. e4 e5 2. Nf3 Nf6 3. Nxe5 d6 4. Nf3 Nxe4 5. Nc3 Nxc3 6. dxc3 Be6 7. Be3 Be7 8. Qd2 h6 9. Nd4 Bd7 10. Bd3 Nc6 11. Nf5 Bf6 12. f4 Be6 13. Nd4 Nxd4 14. Bxd4 0-0 15. 0-0-0 c5 16. Bxf6 Qxf6 17. Rdg1 c4 18. Be2 Bd7 19. Bxc4 Bc6 20. Rf1 d5 21. Bd3 Rad8 22. Rhg1 d4 23. c4 a6 24. g4 Qh4 25. g5 h5 26. f5 Rfe8 27. Rf4 Qh3 28. Rg3 Re1+ 29. Qxe1 Qxh2 30. Qg1 Qxg1+ 31. Rxg1 Re8 32. Kd2 Re3 33. Rxd4 Rh3 34. Rd8+ Kh7 35. g6+ fxg6 36. fxg6+ 1-0